Statistics for Generation 3 Pokémon (Hoenn Region)

Click here to take the quiz!

General Stats

  • This quiz has been taken 106 times
  • The average score is 109 of 135

Answer Stats

NumberTypeAnswer% Correct
#0257Fire/FightingBlaziken
100%
#0258WaterMudkip
98%
#0260Water/GroundSwampert
98%
#0255FireTorchic
98%
#0252GrassTreecko
98%
#0256Fire/FightingCombusken
96%
#0383GroundGroudon
96%
#0253GrassGrovyle
96%
#0382WaterKyogre
96%
#0259Water/GroundMarshtomp
96%
#0262DarkMightyena
96%
#0261DarkPoochyena
96%
#0254GrassSceptile
96%
#0267Bug/FlyingBeautifly
93%
#0268BugCascoon
93%
#0282Psychic/FairyGardevoir
93%
#0281Psychic/FairyKirlia
93%
#0264NormalLinoone
93%
#0270Water/GrassLotad
93%
#0280Psychic/FairyRalts
93%
#0384Dragon/FlyingRayquaza
93%
#0266BugSilcoon
93%
#0265BugWurmple
93%
#0263NormalZigzagoon
93%
#0269Bug/PoisonDustox
91%
#0271Water/GrassLombre
91%
#0310ElectricManectric
91%
#0378IceRegice
91%
#0377RockRegirock
91%
#0379SteelRegisteel
91%
#0371DragonBagon
89%
#0323Fire/GroundCamerupt
89%
#0380Dragon/PsychicLatias
89%
#0381Dragon/PsychicLatios
89%
#0272Water/GrassLudicolo
89%
#0376Steel/PsychicMetagross
89%
#0375Steel/PsychicMetang
89%
#0279Water/FlyingPelipper
89%
#0373Dragon/FlyingSalamence
89%
#0273GrassSeedot
89%
#0319Water/DarkSharpedo
89%
#0292Bug/GhostShedinja
89%
#0372DragonShelgon
89%
#0285GrassShroomish
89%
#0276Normal/FlyingTaillow
89%
#0306Steel/RockAggron
87%
#0304Steel/RockAron
87%
#0286Grass/FightingBreloom
87%
#0385Steel/PsychicJirachi
87%
#0305Steel/RockLairon
87%
#0308Fighting/PsychicMedicham
87%
#0289NormalSlaking
87%
#0277Normal/FlyingSwellow
87%
#0288NormalVigoroth
87%
#0374Steel/PsychicBeldum
85%
#0386PsychicDeoxys
85%
#0330Ground/DragonFlygon
85%
#0297FightingHariyama
85%
#0296FightingMakuhita
85%
#0284Bug/FlyingMasquerain
85%
#0307Fighting/PsychicMeditite
85%
#0291Bug/FlyingNinjask
85%
#0322Fire/GroundNumel
85%
#0274Grass/DarkNuzleaf
85%
#0275Grass/DarkShiftry
85%
#0287NormalSlakoth
85%
#0283Bug/WaterSurskit
85%
#0328GroundTrapinch
85%
#0320WaterWailmer
85%
#0321WaterWailord
85%
#0278Water/FlyingWingull
85%
#0334Dragon/FlyingAltaria
83%
#0354GhostBanette
83%
#0309ElectricElectrike
83%
#0333Normal/FlyingSwablu
83%
#0329Ground/DragonVibrava
83%
#0318Water/DarkCarvanha
80%
#0290Bug/GroundNincada
80%
#0302Dark/GhostSableye
80%
#0364Ice/WaterSealeo
80%
#0363Ice/WaterSpheal
80%
#0357Grass/FlyingTropius
80%
#0344Ground/PsychicClaydol
78%
#0303Steel/FairyMawile
78%
#0312ElectricMinun
78%
#0299RockNosepass
78%
#0311ElectricPlusle
78%
#0365Ice/WaterWalrein
78%
#0353GhostShuppet
76%
#0324FireTorkoal
76%
#0343Ground/PsychicBaltoy
74%
#0331GrassCacnea
74%
#0332Grass/DarkCacturne
74%
#0356GhostDusclops
74%
#0355GhostDuskull
74%
#0294NormalLoudred
74%
#0337Rock/PsychicLunatone
74%
#0369Water/RockRelicanth
74%
#0336PoisonSeviper
74%
#0300NormalSkitty
74%
#0338Rock/PsychicSolrock
74%
#0335NormalZangoose
74%
#0349WaterFeebas
72%
#0362IceGlalie
72%
#0350WaterMilotic
72%
#0361IceSnorunt
72%
#0347Rock/BugAnorith
70%
#0301NormalDelcatty
70%
#0295NormalExploud
70%
#0293NormalWhismur
70%
#0348Rock/BugArmaldo
67%
#0366WaterClamperl
67%
#0346Rock/GrassCradily
67%
#0368WaterGorebyss
67%
#0367WaterHuntail
67%
#0341WaterCorphish
65%
#0342Water/DarkCrawdaunt
65%
#0345Rock/GrassLileep
65%
#0315Grass/PoisonRoselia
65%
#0327NormalSpinda
65%
#0340Water/GroundWhiscash
65%
#0359DarkAbsol
63%
#0339Water/GroundBarboach
63%
#0316PoisonGulpin
63%
#0325PsychicSpoink
63%
#0298Normal/FairyAzurill
61%
#0326PsychicGrumpig
61%
#0352NormalKecleon
61%
#0370WaterLuvdisc
61%
#0317PoisonSwalot
61%
#0313BugVolbeat
59%
#0314BugIllumise
57%
#0351NormalCastform
54%
#0360PsychicWynaut
54%
#0358PsychicChimecho
41%

Score Distribution

Percentile by Number Answered

Percent of People with Each Score

Your Score History

You have not taken this quiz